Normal view
MARC view
- Developing countries
Entry Geographic Name
001 - CONTROL NUMBER
- control field: 108707
003 - CONTROL NUMBER IDENTIFIER
- control field: NUST
005 - DATE AND TIME OF LATEST TRANSACTION
- control field: 20230208092130.0
008 - FIXED-LENGTH DATA ELEMENTS
- fixed length control field: 230208|| aca||aabn | a|a d
040 ## - CATALOGING SOURCE
- Original cataloging agency: NUST
- Transcribing agency: NUST
151 ## - HEADING--GEOGRAPHIC NAME
- Geographic name: Developing countries
- General subdivision: Politics and government
670 ## - SOURCE DATA FOUND
- Source citation: Work cat.: (NUST)187404: Bhutto, Zulfikar Ali. 37719, The Third World, new directions / , 1977.
